Malá privatizace před závěrem.
V ČR bolo k malej privatizácii schválených viac ako 25 tis. prevádzkových jednotiek. Priemerná vydražená cena bola približne o 50-60 perc. vyššia ako vyvolávacia cena. V holandských dražbách mohla vydražená cena klesnúť v prvom kole na 50 perc., v druhom kole na 20 perc. Zákonodarstvo nemalo možnosť...
Salvato in:
| Autore principale: | |
|---|---|
| Altri autori: | |
| Natura: | Capitolo di libro |
| Lingua: | ceco |
| Soggetti: | |
| Tags: |
Nessun Tag, puoi essere il primo ad aggiungerne!!
|
MARC
| LEADER | 00000naa a2200000 4500 | ||
|---|---|---|---|
| 001 | r007771 | ||
| 005 | 20220831083805.8 | ||
| 041 | 0 | |a cze | |
| 044 | |a [CS] | ||
| 245 | 1 | 0 | |a Malá privatizace před závěrem. |c Eva Klvačová, A. Buchtíková |
| 520 | |a V ČR bolo k malej privatizácii schválených viac ako 25 tis. prevádzkových jednotiek. Priemerná vydražená cena bola približne o 50-60 perc. vyššia ako vyvolávacia cena. V holandských dražbách mohla vydražená cena klesnúť v prvom kole na 50 perc., v druhom kole na 20 perc. Zákonodarstvo nemalo možnosť zabrániť podvodom pri týchto dražbách. Použiteľnosť cenných skúseností z malej privatizácie pre veľkú privatizáciu. | ||
| 610 | 2 | 0 | |a privatizácia |
| 610 | 2 | 0 | |a predaj |
| 610 | 2 | 0 | |a nehnuteľnosti |
| 610 | 2 | 0 | |a Čechy |
| 610 | 2 | 0 | |a dražby |
| 100 | 1 | |a Klvačová, Eva | |
| 700 | 1 | |a Buchtíková, A. | |